Online Catalogue and eLibrary

A slice of life : (Record no. 3122)

MARC details
000 -LEADER
fixed length control field 00455nam a2200193Ia 4500
005 - DATE AND TIME OF LATEST TRANSACTION
control field 20240930061930.0
008 - FIXED-LENGTH DATA ELEMENTS--GENERAL INFORMATION
fixed length control field 240331s9999 xx 000 0 und d
020 ## - INTERNATIONAL STANDARD BOOK NUMBER
ISBN 0706957601
082 ## - DDC Classification
Item Number - Author Mark PRI
Class No. 808
100 ## - MAIN ENTRY--PERSONAL NAME
Personal name Pritam, A
245 #2 - TITLE STATEMENT
Title A slice of life :
Remainder of title selected works
250 ## - EDITION STATEMENT
Edition statement 2nd
260 ## - PUBLICATION, DISTRIBUTION, ETC.
Place of publication, distribution, etc. New Delhi
Name of publisher, distributor, etc. Vikas Publishing House
Date of publication, distribution, etc. 1991
300 ## - PHYSICAL DESCRIPTION
Extent (e.g. Volumes, Pages etc.) 282 p .,
650 ## - SUBJECT ADDED ENTRY--TOPICAL TERM
Topical term or geographic name entry element Poems
650 ## - SUBJECT ADDED ENTRY--TOPICAL TERM
Topical term or geographic name entry element prose
650 ## - SUBJECT ADDED ENTRY--TOPICAL TERM
Topical term or geographic name entry element philosophy
942 ## - Koha item type (Biblio)
Koha item type Books in Stacks (Lending)
Holdings
Lost status Damaged status Collection code Home library Current library Shelving location Date acquired Full call number Accession Number Item type
    Lending WERC Library WERC Library Social Science Cupboard 03/31/2024 808 PRI 519 Books in Stacks (Lending)

© WERC Library